Slovenské kúpeľníctvo pre svoju existenciu potrebuje samostatný zákon a nové štatúty
Rozhovor s Ing. Ľubomírom Skalošom, prezidentom Únie kúpeľných miest a obcí Slovenska o privatizácii v kúpeľníctve na Slovensku. Privatizácia piešťanských a bardejovských kúpeľov. Podiel štátu v privatizovaných kúpeľoch. Problémy infraštruktúry v kúpeľoch. Transformácia v kúpeľníctve a pripravovaný...
Enregistré dans:
| Auteur principal: | |
|---|---|
| Autres auteurs: | |
| Format: | Chapitre de livre |
| Langue: | slovaque |
| Sujets: | |
| Tags: |
Pas de tags, Soyez le premier à ajouter un tag!
|
MARC
| LEADER | 00000naa a2200000 4500 | ||
|---|---|---|---|
| 001 | r025815 | ||
| 005 | 20251104123637.8 | ||
| 041 | 0 | |a slo | |
| 044 | |a SK | ||
| 245 | 1 | 0 | |a Slovenské kúpeľníctvo pre svoju existenciu potrebuje samostatný zákon a nové štatúty |c Ľ. Skaloš, R. Matejovič |
| 520 | |a Rozhovor s Ing. Ľubomírom Skalošom, prezidentom Únie kúpeľných miest a obcí Slovenska o privatizácii v kúpeľníctve na Slovensku. Privatizácia piešťanských a bardejovských kúpeľov. Podiel štátu v privatizovaných kúpeľoch. Problémy infraštruktúry v kúpeľoch. Transformácia v kúpeľníctve a pripravovaný zákon o prírodných liečivých kúpeľoch a zdrojoch. Návrh na uplatnenie rekreačného charakteru kúpeľníctva. Problémy s presadzovaním zákona o štatúte kúpeľných miest a obcí. Monopolizácia podnikateľskej činnosti v slovenskom kúpeľníctve a porovnanie so situáciou v zahraničí. Udeľovanie štatútov. | ||
| 610 | 2 | 0 | |a privatizácia |
| 610 | 2 | 0 | |a služby |
| 610 | 2 | 0 | |a kúpele |
| 610 | 2 | 0 | |a legislatíva |
| 610 | 2 | 0 | |a Slovensko |
| 610 | 2 | 0 | |a transformácia |
| 610 | 2 | 0 | |a konkurencia |
| 610 | 2 | 0 | |a monopoly |
| 100 | 1 | |a Skaloš, Ľ. | |
| 700 | 1 | |a Matejovič, R. | |